[Event "Master Open"]
[Site "Voronezh"]
[Date "2018.06.12"]
[Round "1.29"]
[White "Krivtsov, Alexander"]
[Black "Khanin, Semen"]
[Result "1/2-1/2"]
[WhiteElo "2232"]
[BlackElo "2485"]
[Annotator ""]
[Source ""]
[Remark ""]

1.c4 Nf6 2.g3 e5 3.Bg2 c6 4.Nc3 d5 5.cxd5 cxd5 6.d4 exd4 7.Qxd4
Nc6 8.Qd1 d4 9.Ne4 Bb4+ 10.Bd2 O-O 11.Nxf6+ Qxf6 12.Nf3 d3 13.O-O
dxe2 14.Qxe2 Qxb2 15.Rfb1 Qf6 16.Bxb4 Nxb4 17.Qb2 Qxb2 18.Rxb2
Nc6 19.Rc1 Re8 20.h4 Re7 21.Ng5 Bg4 22.Bd5 Rf8 23.Nxf7 Rexf7
24.Rxb7 Bf3 25.Rxf7 Bxd5 26.Rxf8+ Kxf8 27.Rc5 Ne7 28.Ra5 Kf7
29.Rxa7 Ke6 30.a4 h5 31.Kh2 g6 32.Kh3 Bf3 33.a5 Kd6 34.Ra6+ Nc6
35.Rb6 Kc5 36.Rb7 Nxa5 37.Rg7 Bg4+ 38.Kg2 Bf5 39.f3 Nc4 40.g4
hxg4 41.fxg4 1/2-1/2

[Event "Master Open"]
[Site "Voronezh"]
[Date "2018.06.12"]
[Round "1.30"]
[White "Kabanov, Nikolai"]
[Black "Martynyuk, Elizaveta"]
[Result "1-0"]
[WhiteElo "2468"]
[BlackElo "2229"]
[Annotator ""]
[Source ""]
[Remark ""]

1.e4 c5 2.Nc3 Nc6 3.Bb5 Nd4 4.Bc4 e6 5.Nf3 Ne7 6.O-O a6 7.a4
Nec6 8.d3 Be7 9.Nxd4 Nxd4 10.f4 b6 11.f5 O-O 12.Ba2 Bb7 13.Ne2
Bf6 14.Ng3 exf5 15.c3 Ne6 16.Nxf5 d5 17.Qg4 Kh8 18.Bf4 Nxf4 19.Qxf4
dxe4 20.dxe4 Bg5 21.Qg3 Bxe4 22.Rad1 Qe8 23.Qxg5 Bxf5 24.Qxf5
Qxa4 25.Bxf7 b5 26.Rd3 h6 27.Rg3 Ra7 28.Rxg7 1-0

[Event "Master Open"]
[Site "Voronezh"]
[Date "2018.06.12"]
[Round "1.31"]
[White "Shemyakin, Valeriy"]
[Black "Afanasiev, Nikita"]
[Result "0-1"]
[WhiteElo "2229"]
[BlackElo "2460"]
[Annotator ""]
[Source ""]
[Remark ""]

1.d4 Nf6 2.c4 g6 3.d5 Bg7 4.g3 O-O 5.Bg2 d6 6.Nc3 c6 7.Nf3 Qb6
8.O-O Nfd7 9.Qc2 Nc5 10.e4 Qb4 11.Nd2 a5 12.a3 Qb6 13.b3 f5 14.Rb1
Nba6 15.Bb2 e5 16.Na2 Nxe4 17.Nxe4 fxe4 18.Bc1 cxd5 19.cxd5 Bd7
20.Be3 Qd8 21.Bxe4 Rc8 22.Qd2 Nc5 23.Bxc5 Rxc5 24.Rbc1 Qb6 25.Rxc5
Qxc5 26.b4 axb4 27.Qxb4 Qxb4 28.Nxb4 Bh6 29.Rb1 Rc8 30.Nc2 Ba4
31.Ne3 b5 32.Ng4 Bd2 33.Bd3 Kg7 34.Bxb5 Rb8 35.Bd3 Rxb1+ 36.Bxb1
Bc1 37.Ne3 Bxa3 38.Kg2 Bc5 39.h4 Bb3 40.Be4 h5 41.Kf3 Kf6 42.Nc2
Ba4 43.Ne3 Bd7 44.Bc2 Bh3 45.Bd3 Bd7 46.Bc2 Be8 47.Be4 g5 48.hxg5+
Kxg5 49.Bh7 h4 50.gxh4+ Kxh4 51.Nf5+ Kh3 52.Ne3 Bf7 53.Bf5+ Kh4
54.Be6 Bh5+ 55.Bg4 e4+ 56.Kxe4 Bxg4 57.Kf4 Bh3 58.Nc4 Kh5 0-1

[Event "Master Open"]
[Site "Voronezh"]
[Date "2018.06.12"]
[Round "1.32"]
[White "Kozionov, Kirill"]
[Black "Mendonca, Leon Luke"]
[Result "1-0"]
[WhiteElo "2456"]
[BlackElo "2228"]
[Annotator ""]
[Source ""]
[Remark ""]

1.d4 Nf6 2.c4 e6 3.Nf3 b6 4.g3 Bb7 5.Bg2 Be7 6.O-O O-O 7.Re1
Na6 8.Nc3 Ne4 9.Bf4 Nxc3 10.bxc3 Be4 11.Bf1 Bxf3 12.exf3 c6 13.h4
Nc7 14.Qc2 d5 15.Rad1 g6 16.Kg2 dxc4 17.Bxc4 Nd5 18.Bh6 Re8 19.Rh1
Bf8 20.Bg5 Qd7 21.h5 Bg7 22.hxg6 hxg6 23.Rh4 c5 24.dxc5 Qc6 25.Rdh1
Qxc5 26.Qc1 b5 27.Bb3 Qxc3 28.Qg1 Qe5 29.Qh2 Kf8 30.Bxd5 exd5
31.Be3 Rac8 32.Bd4 Qxd4 33.Rxd4 Bxd4 34.Qh6+ Bg7 35.Qd2 d4 36.Qb4+
Kg8 37.Qxb5 Red8 38.Rd1 Rc7 39.Qa5 Rdd7 40.f4 Re7 41.Rd3 Red7
42.Qb5 Rb7 43.Qc6 Rbc7 44.Qa8+ Bf8 45.Rb3 d3 46.Rb8 d2 47.Rxf8+
Kg7 48.Rg8+ Kf6 49.Qf8 Rd5 50.Qg7+ Ke6 51.Re8+ Re7 52.f5+ gxf5
53.Qh6+ Kd7 54.Ra8 Re6 55.Rxa7+ Kc6 56.Qf4 d1Q 57.Qc7+ Kb5 58.a4+
Kb4 59.Rb7+ Kxa4 60.Qc4+ Ka5 61.Qa2+ Qa4 62.Ra7+ Ra6 63.Rxa6+
Kxa6 64.Qxa4+ Kb6 65.Qe8 f6 66.Qe6+ Kc5 67.Qxf6 1-0

[Event "Master Open"]
[Site "Voronezh"]
[Date "2018.06.12"]
[Round "1.33"]
[White "Tsvetkov, Andrey"]
[Black "Sindarov, Javokhir"]
[Result "0-1"]
[WhiteElo "2220"]
[BlackElo "2449"]
[Annotator ""]
[Source ""]
[Remark ""]

1.d4 Nf6 2.c4 g6 3.Nc3 Bg7 4.e4 d6 5.Nf3 O-O 6.Be2 Bg4 7.Be3
Nfd7 8.Ng1 Bxe2 9.Ngxe2 c5 10.dxc5 Nxc5 11.O-O Nc6 12.Rb1 Rc8
13.b4 Nd7 14.f4 Nb6 15.Qb3 e5 16.Rbd1 Qe7 17.c5 exf4 18.cxd6
Qe6 19.Bxf4 Rfd8 20.Qxe6 fxe6 21.a3 Rd7 22.Nb5 e5 23.Bg5 Nc4
24.Rc1 h6 25.Bh4 Nd2 26.Rfd1 Nxe4 27.Rc4 a6 28.Rxe4 axb5 29.Nc3
Nd4 30.Nd5 Rc2 31.Be7 Rc6 32.Rf1 Nf5 33.Nf6+ Bxf6 34.Bxf6 Nxd6
35.Rxe5 Nc4 36.Re8+ Kf7 37.Rh8 Ne3 38.Rh7+ Ke6 39.Rxd7 Kxd7 40.Rf3
Nf5 41.Bc3 h5 42.Kf2 Ke6 43.Rd3 Rc4 44.Bd2 Nd6 45.Kf3 Rc2 46.Re3+
Kf5 47.Bc3 Nc4 48.Rd3 Ra2 49.h3 Rxa3 50.g4+ Kg5 51.Kg3 h4+ 52.Kf2
Ra2+ 53.Kf3 Rh2 54.Rd5+ Kh6 55.Bf6 Rxh3+ 56.Kf4 Rh1 57.Bg5+ Kg7
58.Bxh4 Rxh4 59.Rxb5 Kf6 60.Rxb7 g5+ 61.Kg3 Ne5 62.Rb6+ Ke7 63.Rb7+
Ke6 64.Rb6+ Kd5 65.Rg6 0-1

[Event "Master Open"]
[Site "Voronezh"]
[Date "2018.06.12"]
[Round "1.34"]
[White "Mammadzada, Gunay"]
[Black "Odegov, Artem"]
[Result "1/2-1/2"]
[WhiteElo "2442"]
[BlackElo "2219"]
[Annotator ""]
[Source ""]
[Remark ""]

1.e4 Nf6 2.e5 Nd5 3.c4 Nb6 4.d4 d6 5.exd6 cxd6 6.Nc3 g6 7.h3
Bg7 8.Nf3 O-O 9.Be2 Nc6 10.O-O Bf5 11.Re1 Rc8 12.a3 e5 13.Bg5
Qd7 14.dxe5 Nxe5 15.Nxe5 dxe5 16.c5 Qxd1 17.Raxd1 Nd7 18.b4 h6
19.Be3 Nf6 20.Nb5 Bd7 21.Nd6 Rc7 22.b5 Be6 23.Bf3 e4 24.Nxe4
Nxe4 25.Bxe4 Bc3 26.Rf1 f5 27.Bd5 Bxd5 28.Rxd5 f4 29.Bc1 Rfc8
30.Bxf4 Rxc5 31.Rxc5 Rxc5 32.Rc1 Bd4 33.Rxc5 Bxc5 34.a4 Bf8 35.Be3
a6 36.bxa6 bxa6 37.Kf1 Kf7 38.Ke2 Ke6 39.Kf3 Kf5 40.Bf4 h5 41.g4+
hxg4+ 42.hxg4+ Ke6 43.Ke4 Be7 44.Bd2 Bf6 45.f4 Be7 46.Bc3 Bd8
47.Bb4 Bf6 48.f5+ gxf5+ 49.gxf5+ Kd7 50.Kd5 Bh4 51.Bc3 Be7 52.Bd4
Bd8 53.Kc5 Kc7 54.Be5+ Kd7 55.Bc3 Bc7 56.f6 Bd8 57.f7 Be7+ 58.Kd5
Bf8 59.Bf6 Bh6 60.a5 Bf8 61.Bg5 Bg7 62.Kc5 Ke6 1/2-1/2

[Event "Master Open"]
[Site "Voronezh"]
[Date "2018.06.12"]
[Round "1.35"]
[White "Ibadov, Dashgyn"]
[Black "Ulko, Jaroslav"]
[Result "1-0"]
[WhiteElo "2214"]
[BlackElo "2442"]
[Annotator ""]
[Source ""]
[Remark ""]

1.e4 c5 2.Nf3 e6 3.d4 cxd4 4.Nxd4 Nc6 5.Nc3 Qc7 6.Be3 a6 7.Qf3
Nf6 8.O-O-O Be7 9.Be2 d6 10.Qg3 O-O 11.f4 Kh8 12.Kb1 Bd7 13.Bf3
Rac8 14.Qf2 Nxd4 15.Bxd4 Bc6 16.g4 Nd7 17.Rhe1 e5 18.Nd5 Bxd5
19.exd5 Bf6 20.fxe5 Bxe5 21.Be4 Bxd4 22.Rxd4 Rfe8 23.c3 Re5 24.Rf1
Nf6 25.Bd3 Qe7 26.Qh4 h6 27.Rdf4 Rg5 28.Rxf6 Rg6 29.Bxg6 1-0

[Event "Master Open"]
[Site "Voronezh"]
[Date "2018.06.12"]
[Round "1.36"]
[White "Akash Pc, Iyer"]
[Black "Davydov, Sergey P."]
[Result "1-0"]
[WhiteElo "2435"]
[BlackElo "2213"]
[Annotator ""]
[Source ""]
[Remark ""]

1.d4 Nf6 2.c4 c5 3.d5 e5 4.Nc3 d6 5.g3 Be7 6.Bg2 O-O 7.Nh3 a6
8.a4 Ne8 9.O-O Nd7 10.Kh1 Rb8 11.Qc2 Nc7 12.b3 b5 13.a5 b4 14.Na4
Ne8 15.Nb2 g6 16.Nd3 Bf6 17.Bb2 Qe7 18.e4 Ng7 19.f4 Re8 20.Qf2
exf4 21.gxf4 Bxb2 22.Qxb2 Nf6 23.Nhf2 Ng4 24.Nxg4 Bxg4 25.Qf2
Qd8 26.Rae1 Qxa5 27.f5 gxf5 28.e5 dxe5 29.Nxe5 Qc7 30.Qf4 Re7
31.Nc6 1-0

[Event "Master Open"]
[Site "Voronezh"]
[Date "2018.06.12"]
[Round "1.37"]
[White "Geshko, Aleksey"]
[Black "Drygalov, Andrey"]
[Result "1/2-1/2"]
[WhiteElo "2213"]
[BlackElo "2435"]
[Annotator ""]
[Source ""]
[Remark ""]

1.e4 c5 2.Nf3 e6 3.d4 cxd4 4.Nxd4 Nc6 5.Nc3 a6 6.Be2 Qc7 7.O-O
Nf6 8.Be3 Be7 9.Kh1 O-O 10.f4 d6 11.a4 Re8 12.Nb3 b6 13.Qd2 Bb7
14.Bf3 Nd7 15.Rad1 Nc5 16.Nxc5 bxc5 17.Qf2 Nb4 18.Rd2 Rad8 19.Rfd1
Bf8 20.f5 Nc6 21.Bg5 Be7 22.Qg3 Bxg5 23.Qxg5 f6 24.Qf4 Nd4 25.fxe6
Nxe6 26.Qg3 Nd4 27.Ne2 Nxf3 28.gxf3 Re5 29.Nc3 Bc6 30.Nd5 Bxd5
31.Rxd5 Rxd5 32.Rxd5 Qc6 33.Qf4 Qxa4 34.Rxd6 Rxd6 35.Qxd6 Qxc2
36.Qd8+ Kf7 37.Qd7+ Kg6 38.Qg4+ Kf7 39.Qd7+ Kg6 40.Qg4+ Kf7 41.Qd7+ 1/2-1/2

[Event "Master Open"]
[Site "Voronezh"]
[Date "2018.06.12"]
[Round "1.38"]
[White "Dzhumaev, Marat"]
[Black "Medzinovskiy, Petr"]
[Result "1-0"]
[WhiteElo "2434"]
[BlackElo "2213"]
[Annotator ""]
[Source ""]
[Remark ""]

1.e4 e5 2.Nf3 Nc6 3.Bb5 a6 4.Ba4 Nf6 5.Qe2 d6 6.c3 Be7 7.O-O
O-O 8.Rd1 Bg4 9.h3 Bh5 10.d3 b5 11.Bb3 Na5 12.Bc2 c5 13.Nbd2
Ne8 14.Nf1 Bxf3 15.Qxf3 Bg5 16.Ne3 Rc8 17.a3 g6 18.b4 Nc6 19.Bb3
a5 20.bxa5 Nxa5 21.Ba2 Nc6 22.Bb2 Kg7 23.Rab1 Ra8 24.Bd5 Ra6
25.d4 Qf6 26.Qe2 Nc7 27.Ng4 Qe7 28.dxc5 h5 29.cxd6 Qxd6 30.Bxc6
Qxc6 31.Nxe5 Qe6 32.c4 Kh7 33.cxb5 Ra5 34.b6 Na6 35.b7 Nb8 36.Nf3
Be7 37.Qd2 Ra4 38.Ng5+ Bxg5 39.Qxg5 f6 40.Qc5 Rf7 41.Qc8 Qxe4
42.Bc3 1-0

[Event "Master Open"]
[Site "Voronezh"]
[Date "2018.06.12"]
[Round "1.39"]
[White "Lysenko, Margarita"]
[Black "Domogaev, Sergey"]
[Result "1/2-1/2"]
[WhiteElo "2203"]
[BlackElo "2433"]
[Annotator ""]
[Source ""]
[Remark ""]

1.d4 Nf6 2.c4 e6 3.Nc3 d5 4.Bg5 Be7 5.e3 h6 6.Bh4 O-O 7.Nf3 b6
8.cxd5 exd5 9.Bd3 Bb7 10.O-O Nbd7 11.Rc1 c5 12.Bf5 g6 13.Bxd7
Qxd7 14.dxc5 bxc5 15.Bxf6 Bxf6 16.Ne4 Bxb2 17.Nxc5 Qe7 18.Rb1
Qxc5 19.Rxb2 Ba6 20.Re1 Rab8 21.Rd2 Bc4 22.Qa1 Rb7 23.Ne5 Rfb8
24.Ng4 f5 25.Ne5 Qb4 26.Qd4 Re8 27.f4 Kh7 28.h4 Qb6 29.Rc1 Rc8
30.a3 Rbc7 31.Kf2 Qxd4 32.Rxd4 Kg7 33.Rb1 Kf6 34.Rb2 Kg7 35.Rb1
Kf6 36.Rb2 g5 37.hxg5+ hxg5 38.Nxc4 dxc4 39.fxg5+ Kxg5 40.Rc2
Kf6 41.Rc3 Ke5 42.Kf3 Rc5 43.a4 R8c7 44.g3 R5c6 45.Rh4 Rc8 46.Rd4 1/2-1/2

[Event "Master Open"]
[Site "Voronezh"]
[Date "2018.06.12"]
[Round "1.40"]
[White "Gukesh, D"]
[Black "Grachev, Alexey"]
[Result "1-0"]
[WhiteElo "2431"]
[BlackElo "2203"]
[Annotator ""]
[Source ""]
[Remark ""]

1.Nf3 d5 2.g3 c6 3.Bg2 Bg4 4.O-O Nd7 5.d3 Ngf6 6.h3 Bxf3 7.Bxf3
e5 8.e4 dxe4 9.dxe4 Bc5 10.a4 O-O 11.Nd2 Qe7 12.Qe2 Rfd8 13.Bg2
Qe6 14.Nc4 Nb6 15.Ne3 Bxe3 16.Bxe3 Qc4 17.Qxc4 Nxc4 18.Bc1 c5
19.Re1 Rac8 20.b3 Na5 21.Be3 Nc6 22.c3 Rd3 23.Rec1 Na5 24.Rab1
b6 25.Bf1 Rd7 26.b4 Nb7 27.f3 Rdc7 28.Ba6 cxb4 29.cxb4 Rxc1+
30.Bxc1 Rc7 31.Bb2 Nd7 32.Rd1 f6 33.Bb5 Nb8 34.f4 exf4 35.gxf4
a6 36.Bf1 a5 37.bxa5 bxa5 38.e5 Kf7 39.f5 Nc6 40.e6+ Ke7 41.Rc1
Kd8 42.Bb5 Ne7 43.Rd1+ Kc8 44.Bd7+ Kd8 45.Bd4 Nc5 46.Bf2 h6 47.Bb5+
Kc8 48.Bg3 Nxf5 49.Bxc7 Kxc7 50.Rd5 1-0

[Event "Master Open"]
[Site "Voronezh"]
[Date "2018.06.12"]
[Round "1.41"]
[White "Shaydullina, Sandugach"]
[Black "Shinkevich, Vitaly"]
[Result "0-1"]
[WhiteElo "2198"]
[BlackElo "2429"]
[Annotator ""]
[Source ""]
[Remark ""]

1.d4 Nf6 2.Nf3 c5 3.d5 b5 4.Bg5 Qb6 5.Bxf6 Qxf6 6.c3 g6 7.e4
Qb6 8.a4 b4 9.a5 Qb7 10.Bc4 Bg7 11.O-O O-O 12.e5 d6 13.e6 fxe6
14.dxe6 Rf5 15.a6 Qb6 16.Bd3 Rf4 17.g3 c4 18.Be2 Rf8 19.Bxc4
Bxa6 20.Bxa6 Nxa6 21.Ng5 Nc5 22.Qg4 Rf5 23.Qh4 h6 24.Nh3 bxc3
25.bxc3 Bf6 26.Qc4 d5 27.Qe2 Qxe6 28.Qb5 Qd6 29.Ra5 Ne4 30.Nf4
Rb8 31.Qd3 Nc5 32.Qe2 e5 33.Nxg6 Kh7 34.Nh4 Bxh4 35.gxh4 Qb6
36.Ra2 Ne4 37.Qd3 Qg6+ 38.Kh1 Rf4 39.Qe3 Rb7 0-1

[Event "Master Open"]
[Site "Voronezh"]
[Date "2018.06.12"]
[Round "1.42"]
[White "Shagbazyan, Taron"]
[Black "Khokhlova, Daria"]
[Result "1-0"]
[WhiteElo "2429"]
[BlackElo "2198"]
[Annotator ""]
[Source ""]
[Remark ""]

1.d4 Nf6 2.c4 c5 3.d5 e6 4.Nc3 exd5 5.cxd5 d6 6.Nf3 g6 7.Bf4
a6 8.a4 Bg7 9.h3 O-O 10.e3 Qe7 11.Be2 Nbd7 12.O-O Ne8 13.Bh2
Rb8 14.Nd2 b6 15.Re1 f5 16.Bf1 Nc7 17.Qb3 Ne5 18.f4 Nf7 19.Nc4
b5 20.axb5 axb5 21.Ra7 Rb7 22.Rxb7 Bxb7 23.Nxb5 Nxb5 24.Qxb5
Bxd5 25.Bg3 Qe4 26.Bf2 g5 27.Rd1 g4 28.Nxd6 Nxd6 29.Qxc5 Ba8
30.Rxd6 gxh3 31.Qc4+ Kh8 32.Qxe4 Bxe4 33.gxh3 Bxb2 34.Bh4 Rc8
35.Rd8+ Rxd8 36.Bxd8 Kg7 37.Kf2 Bc3 38.Be2 Kf7 39.Bb6 Bf6 40.Bc4+ 1-0

[Event "Master Open"]
[Site "Voronezh"]
[Date "2018.06.12"]
[Round "1.43"]
[White "Stukan, Martin"]
[Black "Drygalov, Sergey"]
[Result "1/2-1/2"]
[WhiteElo "2183"]
[BlackElo "2428"]
[Annotator ""]
[Source ""]
[Remark ""]

1.e4 c5 2.Nf3 e6 3.d4 cxd4 4.Nxd4 Nc6 5.Nc3 a6 6.Nxc6 bxc6 7.Bd3
d5 8.O-O Nf6 9.e5 Nd7 10.Re1 Qc7 11.Bf4 Bb7 12.Qf3 c5 13.b3 Be7
14.h4 h5 15.Qg3 g6 16.Bg5 Qd8 17.Bxe7 Qxe7 18.Ne2 O-O-O 19.Nf4
Nb8 20.c4 dxc4 21.Bxc4 Rd4 22.Be2 g5 23.hxg5 h4 24.Qg4 Rg8 25.g6
Qc7 26.Qxh4 Rxg6 27.Nxg6 Rxh4 28.Nxh4 Nc6 29.Nf3 Nb4 30.Red1
Bxf3 31.Bxf3 Qxe5 32.Rac1 Nxa2 33.Rc4 Nb4 34.Be4 Kc7 35.Bf3 a5
36.Re4 Qf5 37.Re3 Qf6 38.Rc1 Kb6 39.Rd1 Kc7 40.Rc1 Qg5 41.Rd1
Qg7 42.Rc1 Qd4 43.Re4 Qd6 44.Rd1 Qe7 45.Rg4 Nc6 46.Bxc6 Kxc6
47.Ra4 Qb7 48.Rxa5 Qxb3 49.Rc1 Qb4 1/2-1/2

[Event "Master Open"]
[Site "Voronezh"]
[Date "2018.06.12"]
[Round "1.44"]
[White "Looshnikov, Nikolai"]
[Black "German, Nikita"]
[Result "1-0"]
[WhiteElo "2424"]
[BlackElo "2182"]
[Annotator ""]
[Source ""]
[Remark ""]

1.d4 Nf6 2.Bg5 e6 3.e4 h6 4.Bxf6 Qxf6 5.Nf3 d6 6.Nc3 Nd7 7.Qd2
c6 8.O-O-O e5 9.Kb1 Be7 10.Ne2 exd4 11.Nfxd4 Nc5 12.Ng3 g6 13.f4
Bg4 14.Be2 Bxe2 15.Ndxe2 O-O-O {=} 16.Nd4 Rhe8 17.Nb3 Nxb3 18.axb3
Bf8 19.Rhe1 Bg7 20.c3 Qe6 21.Kc2 Kb8 22.Qd3 h5 23.Qf3 h4 24.Nf1
d5 25.f5 Qd6 26.exd5 Rxe1 27.Rxe1 cxd5 28.Rd1 Qe5 29.Ne3 Qxh2
30.f6 Bf8 31.Nxd5 Qe5 32.b4 Bd6 33.Rd4 g5 34.Qd3 Bf8 35.c4 Bxb4
36.Re4 Qf5 37.Kb3 Bd6 38.Ka2 a6 39.Qd4 Bg3 40.Re7 Qc2 41.Rxb7+
Kxb7 42.Qb6+ Ka8 43.Qxa6+ Kb8 44.Qb6+ Ka8 45.Qxd8+ Kb7 46.Qd7+
Kb8 47.Qe8+ Kb7 48.Qxf7+ Kb8 49.Qe8+ Ka7 50.Qd7+ Ka8 51.Nb6+
Kb8 52.f7 1-0

[Event "Master Open"]
[Site "Voronezh"]
[Date "2018.06.12"]
[Round "1.45"]
[White "Klimentov, Roman"]
[Black "Cherniaev, Alexander"]
[Result "0-1"]
[WhiteElo "2180"]
[BlackElo "2417"]
[Annotator ""]
[Source ""]
[Remark ""]

1.e4 c5 2.Nf3 Nc6 3.Bb5 Nf6 4.Nc3 Qc7 5.O-O a6 6.Bxc6 dxc6 7.h3
e5 8.d3 Be7 9.a4 a5 10.b3 Nd7 11.Nh2 Nf8 12.f4 exf4 13.Bxf4 Qd8
14.Nf3 Ng6 15.Be3 f6 16.Ne2 Qc7 17.Qd2 Bd6 18.Rad1 O-O 19.Rfe1
Re8 20.Rf1 Be6 21.Qe1 b5 22.Qc3 c4 23.dxc4 Bb4 24.Qb2 bxc4 25.c3
Bf8 26.Ned4 Bf7 27.Nd2 Qb7 28.Rb1 c5 29.Nb5 cxb3 30.c4 Ne5 31.Qxb3
Red8 32.Qc2 Qc8 33.Rb3 Nc6 34.Bf4 Nb4 35.Qc3 Rd3 36.Qb2 Qd7 37.Nc7
Ra7 38.Nb5 Rb7 39.Rc3 Qd8 40.Nb3 Rbd7 41.Nc1 Rd1 42.Rxd1 Rxd1+
43.Kh2 Rf1 44.Qd2 Qe7 45.Qe3 Qe6 46.Nb3 h5 47.Bg3 Qd7 48.Qe2
Rb1 49.Nxa5 g5 50.h4 Ra1 51.Nb3 Rxa4 52.Qe3 Qg4 53.Nxc5 Ra2 54.Nb3
gxh4 55.Bf2 Bh6 56.Qf3 Bf4+ 57.Kg1 Rb2 58.Qxg4+ hxg4 59.Bxh4
Be5 60.N3d4 Na6 61.Bg3 Nc5 62.Bxe5 fxe5 63.Rg3 Bh5 64.Nf5 Ne6
65.Nc3 Kh7 66.Re3 Nf4 67.Nh4 Kh6 68.g3 Ne6 69.Nd5 Kg5 70.Nf5
Nc5 71.Nd6 Bg6 72.Ne7 Bh7 73.Kf1 Rb6 74.Ndf5 Rb1+ 75.Ke2 Rb4
76.Nd6 Rb6 77.Ndf5 Rb7 78.Nc6 Kf6 79.Kd1 Nxe4 80.Rxe4 Bxf5 81.Re3
e4 82.Nd4 Rd7 0-1

[Event "Master Open"]
[Site "Voronezh"]
[Date "2018.06.12"]
[Round "1.46"]
[White "Bryakin, Mikhail"]
[Black "Kochukova, Anna"]
[Result "1-0"]
[WhiteElo "2407"]
[BlackElo "2170"]
[Annotator ""]
[Source ""]
[Remark ""]

1.d4 d5 2.Nf3 Nf6 3.c4 dxc4 4.Qa4+ c6 5.Qxc4 Bf5 6.g3 Nbd7 7.Bg2
e6 8.O-O Be7 9.e3 O-O 10.Rd1 Qc7 11.Qe2 e5 12.Nc3 Bb4 13.e4 Bg6
14.dxe5 Bxc3 15.exf6 Bxf6 16.Bf4 Ne5 17.Nxe5 Bxe5 18.Bxe5 Qxe5
19.Rd7 Rab8 20.f4 Qc5+ 21.Qf2 Qxf2+ 22.Kxf2 Bh5 23.Bf3 Bxf3 24.Kxf3
Rfd8 25.Rad1 Rxd7 26.Rxd7 Kf8 27.e5 h6 28.Ke4 b5 29.Kd4 b4 30.Rxa7
Rd8+ 31.Kc4 Rd2 32.b3 Rxh2 33.Kxb4 Rg2 34.a4 Rxg3 35.a5 c5+ 36.Kc4
Rf3 37.a6 Rxf4+ 38.Kxc5 Re4 39.Kd5 Re1 40.Rb7 Rd1+ 41.Ke4 Re1+
42.Kd4 Rd1+ 43.Kc3 1-0

[Event "Master Open"]
[Site "Voronezh"]
[Date "2018.06.12"]
[Round "1.47"]
[White "Perov, German"]
[Black "Palachev, Petr"]
[Result "0-1"]
[WhiteElo "2159"]
[BlackElo "2405"]
[Annotator ""]
[Source ""]
[Remark ""]

1.e4 c5 2.d4 cxd4 3.c3 dxc3 4.Nxc3 Nc6 5.Nf3 e6 6.Bc4 a6 7.O-O
b5 8.Bb3 Bb7 9.Re1 Nge7 10.Bg5 f6 11.Be3 Na5 12.Bd5 exd5 13.exd5
Kf7 14.Nh4 d6 15.b4 Nc4 16.Bd4 Qd7 17.Qh5+ g6 18.Qf3 Bg7 19.g4
Ne5 20.Bxe5 dxe5 21.Rxe5 Rhe8 22.Re3 Rad8 23.Rd1 g5 24.Nf5 Nxf5
25.gxf5 Rxe3 26.fxe3 Bf8 27.a3 Bd6 28.e4 Rc8 29.Kh1 Be5 30.Ne2
Rc4 31.h4 h6 32.Nc1 Kg7 33.Nd3 Bd6 34.Nf2 Qe7 35.hxg5 hxg5 36.Kg2
Rc8 37.Rh1 Rh8 38.Rxh8 Kxh8 39.Qh5+ Kg7 40.Qg6+ Kf8 41.Qh5 Qf7
42.Qh8+ Ke7 43.Kf1 Bxd5 44.exd5 Qxd5 45.Qh7+ Qf7 46.Qh3 Qc4+
47.Kg1 Be5 48.Qf3 Bd4 49.Qb7+ Kd6 50.Qb8+ Qc7 51.Qf8+ Kc6 52.Kg2
Kb7 53.Ng4 Qc2+ 54.Kg3 Qd3+ 55.Kg2 Qe4+ 56.Kg3 Qf4+ 0-1

[Event "Master Open"]
[Site "Voronezh"]
[Date "2018.06.12"]
[Round "1.48"]
[White "Rodin, Dmitrij"]
[Black "Volotovsky, Kirill"]
[Result "1-0"]
[WhiteElo "2402"]
[BlackElo "2159"]
[Annotator ""]
[Source ""]
[Remark ""]

1.e4 e5 2.Nf3 Nc6 3.Bb5 a6 4.Ba4 Nf6 5.O-O b5 6.Bb3 Bb7 7.Re1
Bc5 8.c3 O-O 9.d4 Bb6 10.Be3 d6 11.Nbd2 exd4 12.cxd4 Na5 13.Bc2
h6 14.d5 Bxe3 15.Rxe3 c5 16.b3 Bc8 17.h3 Nb7 18.Nf1 Nd7 19.N3h2
Qh4 20.Qd2 Qf4 21.Rae1 Re8 22.g3 Qf6 23.f4 g5 24.e5 dxe5 25.Ng4
Qh8 26.fxe5 h5 27.e6 hxg4 28.exf7+ Kxf7 29.Rxe8 Qxe8 30.Qf2+ 1-0

[Event "Master Open"]
[Site "Voronezh"]
[Date "2018.06.12"]
[Round "1.49"]
[White "Tatarintsev, Egor"]
[Black "Nozdrachev, Leonid"]
[Result "0-1"]
[WhiteElo "2125"]
[BlackElo "2400"]
[Annotator ""]
[Source ""]
[Remark ""]

1.e4 e5 2.Nf3 Nc6 3.Bb5 a6 4.Bxc6 dxc6 5.O-O Bg4 6.h3 Bh5 7.d3
f6 8.Nbd2 Bd6 9.Re1 Ne7 10.Nf1 Qd7 11.Be3 O-O-O 12.c3 Qe8 13.Ng3
Bg6 14.Nh4 Kb8 15.Qf3 c5 16.Nhf5 Nxf5 17.exf5 Bf7 18.Ne4 Qc6
19.Rad1 c4 20.Nxd6 Qxf3 21.gxf3 Rxd6 22.dxc4 Bxc4 23.f4 Bxa2
24.fxe5 fxe5 25.Rxd6 cxd6 26.f4 Kc7 27.Bf2 exf4 28.Re7+ Kc6 29.Rxg7
Rf8 30.Rxh7 Rg8+ 31.Kf1 Bc4+ 32.Ke1 Re8+ 33.Kd1 f3 34.b4 Re2
35.f6 Bb3+ 36.Kc1 Rxf2 37.f7 Rc2+ 38.Kb1 Bxf7 39.Rxf7 Rxc3 40.h4
Rb3+ 0-1

[Event "Master Open"]
[Site "Voronezh"]
[Date "2018.06.12"]
[Round "1.50"]
[White "Polschikov, Alexey"]
[Black "Zaika, Daniil"]
[Result "1/2-1/2"]
[WhiteElo "2398"]
[BlackElo "2118"]
[Annotator ""]
[Source ""]
[Remark ""]

1.Nf3 Nf6 2.c4 c6 3.d4 d5 4.e3 a6 5.h3 Bf5 6.Nc3 h6 7.Bd3 Bxd3
8.Qxd3 e6 9.O-O Bb4 10.Bd2 O-O 11.Rfd1 Ba5 12.Rac1 Nbd7 13.b3
Re8 14.Be1 b5 15.Qe2 Bxc3 16.Bxc3 Ne4 17.Be1 Qb6 18.Rc2 Rec8
19.Rdc1 Qb7 20.Ba5 dxc4 21.bxc4 c5 22.Rb1 Nd6 23.dxc5 Nxc5 24.cxb5
axb5 25.Bb4 Nce4 26.Rxc8+ Qxc8 27.Bxd6 Nxd6 28.Nd4 Qc4 29.Rb2 1/2-1/2

[Event "Master Open"]
[Site "Voronezh"]
[Date "2018.06.12"]
[Round "1.51"]
[White "Volkov, Roman"]
[Black "Anikonov, Dmitry"]
[Result "0-1"]
[WhiteElo "2116"]
[BlackElo "2394"]
[Annotator ""]
[Source ""]
[Remark ""]

1.e4 d6 2.d4 Nf6 3.Nc3 e5 4.Nf3 exd4 5.Nxd4 Be7 6.Bf4 O-O 7.Qd2
Nc6 8.O-O-O Nxd4 9.Qxd4 a6 10.f3 b5 11.g4 c5 12.Qd2 b4 13.Ne2
Be6 14.b3 Qa5 15.Kb1 Rfd8 16.Ng3 d5 17.e5 Nd7 18.Nf5 Bf8 19.Qe1
d4 20.Bd3 c4 21.Be4 d3 22.Nd4 Nc5 23.Nxe6 Nxe6 24.Be3 dxc2+ 25.Bxc2
Qxe5 26.Rxd8 Rxd8 27.bxc4 Bc5 28.Bc1 Qc7 29.Qh4 g6 30.Re1 Be7
31.Qf2 Bf6 32.Qe2 Nd4 33.Qe4 Nxc2 34.Qxc2 b3 35.Qe2 bxa2+ 36.Qxa2
Qb6+ 37.Bb2 Rd2 0-1

[Event "Master Open"]
[Site "Voronezh"]
[Date "2018.06.12"]
[Round "1.52"]
[White "Peskov, Alexsey"]
[Black "Thrish, Karthik"]
[Result "1/2-1/2"]
[WhiteElo "2391"]
[BlackElo "2111"]
[Annotator ""]
[Source ""]
[Remark ""]

1.d4 d5 2.c4 c6 3.cxd5 cxd5 4.Nc3 Nf6 5.Nf3 e6 6.Bf4 Nc6 7.e3
Be7 8.h3 O-O 9.Bd3 a6 10.O-O Nh5 11.Bh2 f5 12.Ne5 Nf6 13.Nxc6
bxc6 14.Na4 Bd6 15.Bxd6 Qxd6 16.f4 Rb8 17.Rc1 Nd7 18.Rf2 Bb7
19.Nc5 Nxc5 20.Rxc5 Ra8 21.Ra5 Qc7 22.Qa4 Qb6 23.Rc2 e5 24.fxe5
f4 25.Rac5 fxe3 26.Re2 Rf4 27.Qa5 Qxa5 28.Rxa5 Rxd4 29.Rxe3 g6
30.Rc5 Kf7 31.Rc2 Ke7 32.a3 Rc8 33.Rc5 Rf4 34.b4 Ra8 35.Ra5 Rf7
36.Be2 Rf4 37.Bd3 Rf7 38.Rc5 Rf4 39.Re2 Rd4 40.Bc2 Rf8 41.Ba4
Rd1+ 42.Kh2 Rc8 43.Rc3 Ra1 44.Ree3 1/2-1/2

[Event "Master Open"]
[Site "Voronezh"]
[Date "2018.06.12"]
[Round "1.53"]
[White "Lingur, Zalina"]
[Black "Shubin, Kirill"]
[Result "0-1"]
[WhiteElo "2101"]
[BlackElo "2391"]
[Annotator ""]
[Source ""]
[Remark ""]

1.e4 e6 2.d4 d5 3.Nd2 Be7 4.Ngf3 Nf6 5.Bd3 c5 6.c3 Nc6 7.O-O
dxe4 8.Nxe4 cxd4 9.cxd4 O-O 10.Nc3 b6 11.a3 Bb7 12.Bc2 Rc8 13.Qd3
g6 14.Bh6 Re8 15.Rad1 Nd5 16.Rfe1 Nxc3 17.bxc3 Bxa3 18.h4 Ne7
19.h5 Nf5 20.Bf4 Nh4 21.Ng5 Nxg2 22.hxg6 fxg6 23.Qh3 Qe7 24.Bd2
Nxe1 25.Rxe1 Bd5 26.f4 Qg7 27.Nxe6 Bxe6 28.Rxe6 Rcd8 29.Bb3 Kh8
30.Be1 Bc1 31.Qg4 Rxe6 32.Bxe6 Rf8 33.Bg3 Bd2 34.Qf3 Qf6 35.f5
Qxe6 36.fxe6 Rxf3 37.Kg2 Rxg3+ 38.Kxg3 Kg8 0-1

[Event "Master Open"]
[Site "Voronezh"]
[Date "2018.06.12"]
[Round "1.54"]
[White "Lazarov, Alexander"]
[Black "Yakimenko, Alexander A."]
[Result "1-0"]
[WhiteElo "2389"]
[BlackElo "2094"]
[Annotator ""]
[Source ""]
[Remark ""]

1.c4 e5 2.Nc3 Nc6 3.g3 g6 4.Bg2 Bg7 5.Rb1 d6 6.b4 Bf5 7.d3 Qc8
8.b5 Nd8 9.Nd5 Nf6 10.e4 Nxd5 11.cxd5 Bd7 12.Ne2 O-O 13.d4 f6
14.O-O Nf7 15.Qc2 a6 16.a4 axb5 17.axb5 Ra5 18.dxe5 fxe5 19.Qd3
Qe8 20.Nc3 Qe7 21.b6 c5 22.dxc6 Bxc6 23.Nd5 Bxd5 24.exd5 Ra6
25.Qc2 e4 26.Be3 Ne5 27.Qxe4 Qd7 28.Rbc1 Ra4 29.Qc2 Rc4 30.Qe2
Rfc8 31.f4 Rxc1 32.Bxc1 Nf7 33.Qe6 Bd4+ 34.Kh1 Rd8 35.f5 g5 36.f6
Bxb6 37.Be4 Qb5 38.Qf5 Kf8 39.Bg2 Kg8 40.Bxg5 Bd4 41.Bc1 Qe2
42.Be4 Kf8 43.Bd3 Qe5 44.Qxh7 Qxd5+ 45.Be4 Qc4 46.Qg7+ Ke8 47.Bg2
Kd7 48.Qg4+ Kc7 49.Be3 1-0

[Event "Master Open"]
[Site "Voronezh"]
[Date "2018.06.12"]
[Round "1.55"]
[White "Shoboev, Dandar"]
[Black "Faizrakhmanov, Ramil"]
[Result "0-1"]
[WhiteElo "2091"]
[BlackElo "2388"]
[Annotator ""]
[Source ""]
[Remark ""]

1.d4 Nf6 2.Nf3 e6 3.c4 b6 4.g3 Ba6 5.Nbd2 Bb7 6.Bg2 c5 7.O-O
Be7 8.e4 O-O 9.d5 exd5 10.cxd5 d6 11.a4 Re8 12.Re1 Bf8 13.b3
g6 14.Bb2 Bg7 15.Qc2 Na6 16.Rad1 Nb4 17.Qb1 a6 18.Nc4 b5 19.axb5
axb5 20.Nxd6 Qxd6 21.e5 Qb6 22.exf6 Bxf6 23.Ne5 Bxe5 24.Rxe5
Rxe5 25.Bxe5 Rd8 26.d6 Bxg2 27.Kxg2 f6 28.Bf4 Qc6+ 29.Kg1 Qf3
30.Be3 Nd5 31.Re1 Nxe3 32.Rxe3 Qc6 33.Qe1 Qxd6 34.Qa5 b4 35.Qa7
Qd1+ 36.Kg2 Qd5+ 37.Kg1 Ra8 38.Qe7 Ra1+ 39.Re1 Rxe1+ 40.Qxe1
Qxb3 41.Qe8+ Kg7 42.Qe7+ Qf7 0-1